| 000 | 00880nam a2200277 a 4500 | ||
|---|---|---|---|
| 001 | 61459 | ||
| 003 | BD-RjUL | ||
| 005 | 20211209080951.0 | ||
| 008 | 170118s1978 nyua 001 0 eng d | ||
| 020 | _a0070235163 | ||
| 035 | _a(BD-RjUL)61583 | ||
| 040 |
_aBD-RjUL _cBD-RjUL _dBD-RjUL _beng |
||
| 041 | _aeng | ||
| 082 | 0 | 0 |
_a658.4012 _223 _bREA 1978 |
| 245 | 0 | 0 |
_aReadings in business policy from Business week / _cedited by William F. Glueck. |
| 260 |
_aNew York : _bMcGraw-Hill, _cc1978. |
||
| 300 |
_axix, 410 p. : _bill. ; _c24 cm. |
||
| 490 | 0 | _aMcGraw-Hill series in management | |
| 500 | _aIncludes index. | ||
| 650 | 0 |
_aIndustrial management _zUnited States. _9175688 |
|
| 650 | 0 |
_aDecision making. _9170351 |
|
| 650 | 0 |
_aBusiness planning. _9175243 |
|
| 700 | 1 |
_aGlueck, William F. _9182897 |
|
| 830 |
_aMcGraw-Hill series in management _9175134 |
||
| 942 |
_2ddc _cBK |
||
| 999 |
_c61459 _d61459 |
||